|
|
|
|
| LEADER |
00000cam a22000007a 4500 |
| 001 |
12587 |
| 003 |
CZ-ZlUTB |
| 005 |
20190825232910.0 |
| 008 |
040223s2000 xxu|||||r|||||||||||eng|d |
| 020 |
|
|
|a 0073660647
|q (brož.)
|
| 040 |
|
|
|a PND008
|b cze
|c PND008
|d ZLD002
|
| 072 |
|
7 |
|a 33
|x Ekonomie
|2 Konspekt
|9 4
|
| 080 |
|
|
|a (076)
|2 MRF
|
| 080 |
|
|
|a 330.1
|2 MRF
|
| 080 |
|
|
|a 330.4
|2 MRF
|
| 080 |
|
|
|a 339.138
|2 MRF
|
| 080 |
|
|
|a 658.8
|2 MRF
|
| 100 |
1 |
|
|a Slater, Jeffrey,
|d 1947-
|7 xx0034842
|4 aut
|
| 245 |
1 |
0 |
|a Practical business math procedures /
|c Jeffrey Slater
|
| 250 |
|
|
|a 6th ed.
|
| 260 |
|
|
|a Boston :
|b Irwin,
|c c2000
|
| 300 |
|
|
|a 1 sv. (různé stránkování) :
|b il. +
|e 1 příl.
|
| 504 |
|
|
|a Obsahuje bibliografii a rejstřík
|
| 650 |
0 |
7 |
|a ekonomie
|7 ph114430
|x úlohy
|2 czenas
|
| 650 |
0 |
7 |
|a hospodářské výpočty
|7 ph120830
|2 czenas
|
| 650 |
0 |
7 |
|a finanční matematika
|7 ph120239
|2 czenas
|
| 655 |
|
7 |
|a sbírky úloh
|7 fd132056
|2 czenas
|
| 910 |
|
|
|a ZLD002
|
| 952 |
|
|
|0 0
|1 0
|4 0
|6 3301SLATERJ
|7 0
|8 BOOK
|9 21739
|a UTBZL
|b UTBZL
|c 006
|d 2006-07-29
|h + příl.
|l 3
|o 330.1/SLATER,J.
|p 420010085320
|r 2019-08-25 00:00:00
|v 65.00
|w 2019-08-25
|x N:nákup | 20100831
|y 04
|
| 992 |
|
|
|a BK
|b SK
|d 3
|
| 999 |
|
|
|c 12587
|d 12587
|